Представление документа в формате RUSMARC

ПолеНазваниеЗначение
  Тип записи a
  Библиографический уровень a
001 Контрольный номер RU/CBS_UL/BASE/585773447
005 Дата корректировки 20240209175227.5
100 Данные общей обработки __
a Данные общей обработки 20180724d2018 ||| 0rusy0189 ca
101 Язык документа 0_
a Язык текста rus
102 Страна публикации __
a Страна публикации RU
105 Кодированные данные (монография) __
a Кодированные данные (монография) y###||||000|y
200 Заглавие и сведения об ответственности 1_
a Заглавие Ход красным конем
b Общее обозначение материала Текст
e Сведения, относящиеся к заглавию [о выставке к 140-летию со дня рождения К. Петрова-Водкина]
f Первые сведения об ответственности Л. Лунина
300 Общие примечания __
a Общие примечания Ограничения по возрасту - 16+
461 Уровень набора _0
1 2000
a Огонёк
463 Уровень физической единицы _0
1 001RU/CBS_UL/BASE/584660837
1 2000
a № 18 (21 мая)
v С. 34-35: ил.
1 210
d 2018
600 Персоналии _0
a Персоналии (Фамилия) Петров-Водкин
b Персоналии (Имя, инициалы) К.С.
606 Тематические рубрики 0_
a Основная рубрика Петров-Водкин, Кузьма Сергеевич (1878 - 1939)
610 Ключевые слова 0_
a Ключевые слова искусство
a Ключевые слова изобразительное искусство
a Ключевые слова художники
a Ключевые слова советское искусство
a Ключевые слова живопись
686 Индексы других классификаций __
a Классификационный индекс 85.143(2)
2 Код системы ББК
700 Автор _1
a Фамилия Лунина
b Имя (инициалы) Л.
801 Источник записи _0
a Страна RU
b Организация МБУК ЦБС г. Ульяновска
c Дата составления 20180724
g Правила каталогизации RCR
801 Источник записи _1
a Страна RU
b Организация МБУК ЦБС г. Ульяновска
c Дата составления 20180724
g Правила каталогизации RCR
901 Тип документа __
t Тип документа b
w Контрольный № источника RU/CBS_UL/BASE/584660837
910 Корректоры записи __
a Корректор записи Библиотека 8
938 Служебная информация __
a Имя БД period